=LDR 00000nam 2200000 4500 =001 INLIS000000000023542 =005 20200625083012 =035 ##$$a 0010-061300000023542 =008 200625################g##########0#ind## =041 ##$$a Ind =082 ##$$a 2x4. 14 =090 ##$$a 372.218, Tho 2 =100 ##$$a Hasyim, K. h. a rauf al =245 1#$$a Zakat /$c K. h. a. rauf al hasyim, A.s rasyid =260 ##$$a Jakarta :$b Pustakakarya grafikatama,$c 2000 =300 ##$$a 83 hlm ; $c 12,5 x 19,5 cm =650 #4$$a Pendidikan anak =850 ##$$a NBPNMAT =020 ##$$a 979-494-025-9 =084 ##$$a 2x4. 14 HAS z =250 ##$$a Cet. 2 =700 #$$a A. s rasyid =990 ##$$a 54. 780/Pro-93